000 00820nam a2200241 i 4500
001 bg
245 0 0 _aNieliniowe zagadnienia konstrukcji /
_cPolska Akademia Nauk. Instytut Podstawowych Problemów Techniki.
260 _aWarszawa :
_bWydaw. Naukowe PWN,
_c1992.
300 _a222,[2] s. : rys., wykr. :
_b24 cm.
490 1 _aMechanika i Komputer,
_x0137-50670 ;
_vt. 10
504 _aBibliogr. przy rozdz.
650 9 _aAnaliza matematyczna
_xstosowanie
_xtechnika
650 9 _aKonstrukcje
_xprojekty
_xautomatyzacja
650 9 _aSymulacja
_xstosowanie
_xtechnika
830 _aMechanika i Komputer,
_x0137-50670 ;
020 _a8301109564
040 _cBPK
041 0 _apl
_benru
080 _a624.01/.07:517:681.322.06
920 _a83-01-10956-4
942 _cKS
008 s pl f |000 0 pol
999 _c30216
_d30216
856 _uhttp://koha.tu.koszalin.pl/cgi-bin/koha/opac-detail.pl?biblionumber=30216
_yKatalog online BPK